<?xml version="1.0" encoding="utf-8"?>
<?xml-stylesheet type='text/xsl' href='./oai2.xsl'?>
<OAI-PMH xmlns="http://www.openarchives.org/OAI/2.0/" xmlns:xsi="http://www.w3.org/2001/XMLSchema-instance" xsi:schemaLocation="http://www.openarchives.org/OAI/2.0/ http://www.openarchives.org/OAI/2.0/OAI-PMH.xsd">
  <responseDate>2026-06-07T00:57:19Z</responseDate>
  <request verb="GetRecord" metadataPrefix="marcxml" identifier="record_kuniweb_161200">https://kulturerbe.niedersachsen.de/oai</request>
  <GetRecord>
    <record>
      <header>
        <identifier>record_kuniweb_161200</identifier>
        <datestamp>2025-08-28T09:38:22Z</datestamp>
        <setSpec>slg0217</setSpec>
      </header>
      <metadata>
        <marc:record xmlns:marc="http://www.loc.gov/MARC21/slim" xsi:schemaLocation="http://www.loc.gov/MARC21/slim http://www.loc.gov/standards/marcxml/schema/MARC21slim.xsd">
          <marc:leader>12345nkm  22     uu 4500</marc:leader>
          <marc:controlfield tag="001">161200</marc:controlfield>
          <marc:controlfield tag="003">http://kuniweb.gbv.de</marc:controlfield>
          <marc:controlfield tag="005">2019-11-23T14:13:18</marc:controlfield>
          <marc:controlfield tag="008">|           ||||||||||||||||||||||</marc:controlfield>
          <marc:datafield tag="245" ind1="1" ind2="0">
            <marc:subfield code="a">Überfallschütze zum unterschlächtigen Wasserrad für die Gipsindustrie Niedersachswerfen, 1904</marc:subfield>
          </marc:datafield>
          <marc:datafield tag="655" ind1=" " ind2="7">
            <marc:subfield code="a">Grafik</marc:subfield>
          </marc:datafield>
          <marc:datafield tag="046" ind1=" " ind2=" ">
            <marc:subfield code="k">1904-06-03</marc:subfield>
            <marc:subfield code="k">03.06.1904</marc:subfield>
          </marc:datafield>
          <marc:datafield tag="260" ind1=" " ind2=" ">
            <marc:subfield code="g">1904-06-03</marc:subfield>
            <marc:subfield code="g">03.06.1904</marc:subfield>
          </marc:datafield>
          <marc:datafield tag="520" ind1=" " ind2=" ">
            <marc:subfield code="a">Zeichnung - koloriert
Herstellungsort - Königshütte, (Bad) Lauteraberg

Auftraggeber und Standort:
F. W. Gossel (Nordhausen) - Gips-Industrie Niedersachswerfen

Anmerkung:
Wasserräder. Je nach der Lage des Wassereintrittes unterscheidet man oberschlächtige (oberschlägige), rückenschlächtige, mittelschlächtige Kropfräder (halbmittelschlächtige) und unterschlächtige Wasserräder. Die Eintrittsgeschwindigkeit des Wassers muss größer sein als die Umlaufgeschwindigkeit des Rades; daher lässt man es erst eine kleine Höhe, das Stoßgefälle, durchfallen, ehe es in das Rad eintritt. Der Einlauf des Wassers geschieht mittels einer am Ende der Zuleitung, des Gerinnes, eingebauten Vorrichtung, einer Quervorlage (Schütze), über die das Wasser entweder hinwegfließt: Überfallschütze, oder darunter hindurch: Spannschütze, oder durch besondere Einlaufkanäle hindurch: Kulisseneinlauf. An der Einlaufvorrichtung lässt sich durch Hoch- oder Niederstellen der Schütze die Wasserzufuhr regulieren.
aus:
Wasserrad - Zeno.org
www.zeno.org/Meyers-1905/B/Wasserrad





 (Förderkreis Königshütte Bad Lauterberg e.V.)

Maßstab: 1 zu 1</marc:subfield>
          </marc:datafield>
          <marc:datafield tag="650" ind1="1" ind2=" ">
            <marc:subfield code="a">Gipsindustrie</marc:subfield>
          </marc:datafield>
          <marc:datafield tag="650" ind1="1" ind2=" ">
            <marc:subfield code="a">Wasserrad</marc:subfield>
          </marc:datafield>
          <marc:datafield tag="650" ind1="1" ind2=" ">
            <marc:subfield code="a">Grafik, Fotografie &gt; Zeichnung</marc:subfield>
          </marc:datafield>
          <marc:datafield tag="650" ind1="1" ind2=" ">
            <marc:subfield code="a">Industrie</marc:subfield>
          </marc:datafield>
          <marc:datafield tag="650" ind1="1" ind2=" ">
            <marc:subfield code="a">Niedersachswerfen (Hohnstein/Südharz, Nordhausen, Thüringen)</marc:subfield>
          </marc:datafield>
          <marc:datafield tag="773" ind1="0" ind2=" ">
            <marc:subfield code="t">Maschinenelemente, Zubehör und Werkzeuge</marc:subfield>
          </marc:datafield>
          <marc:datafield tag="852" ind1=" " ind2=" ">
            <marc:subfield code="a">Industriedenkmal Königshütte Bad Lauterberg im Harz</marc:subfield>
          </marc:datafield>
          <marc:datafield tag="" ind1=" " ind2=" ">
            <marc:subfield code="a">Namensnennung - Nicht kommerziell - Keine Bearbeitungen 4.0 International (CC BY-NC-ND 4.0)</marc:subfield>
          </marc:datafield>
        </marc:record>
      </metadata>
    </record>
  </GetRecord>
</OAI-PMH>
